| 000 | 00495 a2200133 4500 | ||
|---|---|---|---|
| 001 | ART_15712 | ||
| 005 | 20260410161918.0 | ||
| 008 | 260409a | ||
| 245 | 1 | 0 | _aLa perspectiva de la cadena de suministros en el abordaje de la RSE. |
| 100 | 1 | _aJugón, Mónica | |
| 700 | 1 | _aPastor, Sandra | |
| 700 | 1 | _aRodríguez de Ramírez, María del Carmen | |
| 773 | 0 |
_tDocumentos de trabajo de contabilidad, auditoría y responsabilidad social _g- Año 2, Nº 4 (dic. 2012) _wREV14385 |
|
| 999 |
_c27452 _d27452 |
||